000
003350000a22001450004500
003
MACL
040
_a
MACL
090
_c
32866
_d
32864
100
_a
Prakash, Dr R
245
_a
Encyclopaedia of General Knowledge & General Awareness
260
_b
Asian Publishers
350
_a
240
650
_a
Genelities
942
_c
BOOK
_k
001/03Pra
999
_c
32529
_d
32529